| 000 | 01165nam a2200205 i 4500 | ||
|---|---|---|---|
| 001 | 164263 | ||
| 003 | ES-MaACL | ||
| 005 | 20230906212913.0 | ||
| 008 | 990216s1877 sp |||| | spa d | ||
| 100 | 1 |
_aSáenz Díez, Manuel. _9101327 |
|
| 245 | 1 | 0 |
_aAguas sulfhídricas frías ferro-manganíferas : análisis y virtudes medicinales de las aguas / _cpor Manuel Sáenz Díez y José Hernández Silva. |
| 260 |
_aMadrid : _b[s.n.], _c1877 ( _fEstablecimiento tip. de Enrique Vicente) |
||
| 300 |
_a46 p. ; _c21 cm. |
||
| 594 | _aPrecece al tít.: Establecimiento de los Baños Viejos de Elorrio (Vizcaya) | ||
| 650 |
_aAguas minerales- _zPaís Vasco. _9172296 |
||
| 700 | 1 |
_aHernández Silva, José. _9127905 |
|
| 852 |
_aES-MaACL _jT-855-F-6 _z- Enc. hol., conservando cub. original _z. - Dedicatoria ms. de Gustavo Saenz Diez a la biblioteca "Los Escolares Médicos" _z- Enc. en un vol. facticio |
||
| 852 |
_aES-MaACL _jT-470-F-9 _z- Enc. hol. _z. - Dedicatoria de Gustavo Saenz Diez a la Biblioteca de "Los Escolares Médicos" _q- Falto de cub. original _z- Enc. en un vol. facticio |
||
| 852 |
_aES-MaACL _jT-341-F-8 _z- Enc. hol. _z- Enc. en un vol. facticio |
||
| 999 |
_c164263 _d164263 |
||